Statistics for scooby doo

Click here to take the quiz!

General Stats

  • This quiz has been taken 1,236 times
  • The average score is 6 of 6

Answer Stats

HintAnswer% Correct
talking dogscoobydoo
99%
talking dogs best friendshaggy
98%
the jockfred
97%
the smart onevelma
96%
the rich onedaphne
90%
the nephewscrappy
85%

Score Distribution

Percentile by Number Answered

Percent of People with Each Score

Your Score History

You have not taken this quiz